| 000 | 00654nam a2200229Ia 4500 | ||
|---|---|---|---|
| 999 |
_c46758 _d46758 |
||
| 001 | 13602 | ||
| 003 | GE_BSU | ||
| 005 | 20240415111054.0 | ||
| 008 | 181216s2006||||en |||||||||||||| ||eng|| | ||
| 020 | _a9781405317467 X | ||
| 040 | _c geo | ||
| 041 | _aeng | ||
| 080 | _a61 S-86 | ||
| 100 |
_aStoppard, Miriam _921790 |
||
| 245 |
_aFamily Health Guide / _c Miriam Stoppard |
||
| 260 |
_cLondon, _b2006 |
||
| 300 |
_a591p :. _b25 cm. _cill; |
||
| 653 | _aFamily Health Guide | ||
| 653 | _aოჯახის ჯანმრთელობის სახელმძღვანელო | ||
| 653 | _aმედიცინა | ||
| 942 |
_cBK _2udc |
||